College Football Sudden Death by State: Pennsylvania - Statistics

General Stats
  • This quiz has been taken 21 times
  • The average score is 6 of 12
Answers on the Grid
Answers color-coded by a green-red scale on the quiz's grid according to % correct below.
 
Answer Stats
Answer % Correct
University of Pittsburgh
(Pittsburgh, PA)
81%
Pennsylvania State University
(State College, PA)
75%
University of Pennsylvania
(Philadelphia, PA)
69%
Villanova University
(Villanova, PA)
63%
Temple University
(Philadelphia, PA)
50%
Duquesne University
(Pittsburgh, PA)
50%
Bucknell University
(Lewisburg, PA)
44%
Robert Morris University
(Carnot-Moon, PA)
44%
Lehigh University
(Bethlehem, PA)
38%
St. Francis University
(Loretto, PA)
38%
Lafayette College
(Easton, PA)
31%
Mercyhurst University
(Erie, PA)
31%
No matching quizzes found
Score Distribution
Percent of People with Each Score
Percentile by Number Answered
Your Score History
You have not taken this quiz